The 1975 - The 1975 Lyrics - Statistics

General Stats
  • This quiz has been taken 44 times
  • The average score is 229 of 280
Answer Stats
Answer % Correct
a
100%
an
100%
and
100%
And
100%
(And
100%
I
100%
so
100%
the
100%
if
95%
I'm
95%
living
95%
seventeen
95%
sorry
95%
you
95%
You
95%
your
95%
you're
95%
You're
95%
But
91%
but
91%
I've
91%
thin
91%
what
91%
can
86%
can't
86%
in
86%
know
86%
mean
86%
of
86%
This
86%
(This
86%
boner
82%
friends
82%
got
82%
is
82%
it
82%
making
82%
not
82%
really
82%
tell
82%
think
82%
about
77%
are
77%
bigger
77%
come
77%
doin'
77%
drinkin'
77%
get
77%
it's
77%
It's
77%
on
77%
out
77%
they
77%
thick
77%
was
77%
well
77%
will
77%
aesthetic
73%
Aperol
73%
aren't
73%
be
73%
bloke
73%
fans
73%
hell
73%
just
73%
like
73%
like)
73%
looks
73%
people
73%
some
73%
super
73%
time
73%
time)
73%
young
73%
after
68%
all
68%
feeling
68%
heard
68%
my
68%
scrolling
68%
through
68%
to
68%
We're
68%
apathetic
64%
bits
64%
had
64%
learning
64%
mining
64%
Oh
64%
Philippines
64%
ropes
64%
sell
64%
tendency
64%
twenties
64%
call
59%
cynical
59%
en
59%
spoke
59%
thinking
59%
vogue
59%
with
59%
Adderall
55%
American
55%
cause
55%
collateral
55%
created
55%
experiencing
55%
legitimate
55%
lens
55%
life
55%
QAnon
55%
sleep
55%
While
55%
as
50%
been
50%
Dream
50%
postmodern
50%
scene
50%
see
50%
vitriol
50%
esteem
45%
Liberal
45%
self
45%
up
45%
buying
41%
has
41%
whilst
41%
political
36%
Whimsical
32%
No matching quizzes found
Score Distribution
Percent of People with Each Score
Percentile by Number Answered
Your Score History
You have not taken this quiz